| 000 | 00960nam a22003497 4500 | ||
|---|---|---|---|
| 001 | 01936 | ||
| 003 | DO-SdBNP | ||
| 005 | 20180202113853.0 | ||
| 007 | 01936 | ||
| 008 | 040419s1991 qu| ||| ||spa | ||
| 016 | 7 |
_a _2BPMSU |
|
| 017 |
_a _b |
||
| 020 | _a9978800247 | ||
| 035 | _a | ||
| 040 |
_aBPMSU _bspa _cBPMSU _e |
||
| 041 | 1 |
_aspa _h |
|
| 080 | 0 | _a | |
| 082 |
_a891.863 _bK118m |
||
| 100 | 1 |
_aKafka, Franz _d1883-1924 |
|
| 243 |
_a _l |
||
| 245 | 1 | 3 |
_aLa metamorfosis / _cFranz Kafka ; estudio introductorio y notas de Catalina Arosemena de Crespo _h |
| 260 |
_aLima : _bLibresa, _c1991 |
||
| 300 |
_a77 p. _c22 cm |
||
| 490 | 0 |
_aAntares _v |
|
| 500 | _aIncluye cuestionario de comprensión de lectura | ||
| 650 |
_aNOVELA CHECOSLOVACA _v |
||
| 700 | 1 |
_aArosemena de Crespo, Catalina _e |
|
| 830 | 0 | _aAntares | |
| 942 |
_2ddc _cBK |
||
| 945 | _aInventariado, 2018 /LP | ||
| 956 |
_aVMATEO _b10 _c20160718 _dBPMSU _f00069 |
||
| 999 |
_c11078 _d11078 |
||